| 000 | 01780cam a22003614a 4500 | ||
|---|---|---|---|
| 001 | 12708968 | ||
| 005 | 20070724082835.0 | ||
| 008 | 020318s2002 nyu |rb 001 0 eng | ||
| 010 | _a 2002023442 | ||
| 020 | _a0521815215 | ||
| 020 | _a0521521629 (pb.) | ||
| 040 |
_aDLC _cDLC _dDLC |
||
| 042 | _apcc | ||
| 050 | 0 | 0 |
_aHG4523 _b.M67 2003 |
| 082 | 0 | 0 |
_a332.042 _222 _bMOS |
| 100 | 1 |
_aMosley, Layna. _914561 |
|
| 245 | 1 | 0 |
_aGlobal Capital and National Governments / _cLayna Mosley |
| 260 |
_aNew York : _bCambridge University Press, 2003 _cc2003. |
||
| 300 |
_axviii, 379 p. : _bill. ; _c24 cm. |
||
| 490 |
_aCambridge Studies in Comparative Politics _914565 |
||
| 504 | _aIncludes bibliographical references (p.339-372) and index. | ||
| 650 | 0 |
_aCapital market _xGovernment policy. _914562 |
|
| 650 | 0 |
_aFinance _xGovernment policy. _914563 |
|
| 650 | 0 |
_aInternational finance _xGovernment policy. _914564 |
|
| 856 | 4 | 1 |
_3Sample text _uhttp://www.loc.gov/catdir/samples/cam031/2002023442.html |
| 856 | 4 | 2 |
_3Publisher description _uhttp://www.loc.gov/catdir/description/cam022/2002023442.html |
| 856 | 4 | 1 |
_3Table of contents _uhttp://www.loc.gov/catdir/toc/cam026/2002023442.html |
| 856 | 4 | 2 |
_3Contributor biographical information _uhttp://www.loc.gov/catdir/enhancements/fy0731/2002023442-b.html |
| 942 |
_2ddc _cNB |
||
| 999 |
_c10115 _d10115 |
||